000 00276nam a22001097a 4500
008 160511b xxu||||| |||| 00| 0 eng d
020 _a041531920X
041 _aeng
080 _a316.77
245 _aThe translation studies reader:
_cEdited by Lawrence Venuti;
942 _2udc
_cBK
999 _c2035
_d2035